• 首页
  • 本馆介绍
  • 公告通知
  • 最新文献
  • 馆藏检索
  • 电子资源
  • 读者导购
  • 参考咨询
  • 我的图书馆
  • 登录
  • 详细信息显示
  • 放入我的书架
  • 预约/预借图书
  • 作者相关作品
  • 分类相关作品
  • 丛书相关作品
  • 出版社相关作品

书目信息

  • 表格格式
  • 工作单格式
  • 卡片格式
题名:
何香凝诗画集
    
 
作者: 何香凝 绘 ;人民美术出版社 编
分册:  
出版信息: 北京   人民美术出版社  1982
页数: 1册
开本: 19cm
丛书名:
单 册:
中图分类: J221.8
科图分类:
主题词: 绘画--中国
电子资源:
ISBN:
000 00702nam0 2200253 45
001 0182007258
005 20040308103344.6
010    @b精装@dCNY38
091    @a8027.7301
100    @a19950411d1982 emky0chiy0121 ea
101 0  @achi
102    @aCN@b110000
105    @aa z 000yy
106    @ar
200 10 @a何香凝诗画集@Ahe xiang ning shi hua ji@f何香凝绘@g人民美术出版社编
210    @a北京@c人民美术出版社@d1982
215    @a1册@d19cm
606 0  @a绘画@x中国
690    @aJ221.8
701  0 @a何香凝@Ahe xiang ning@4绘
712 02 @a人民美术出版社@Aren min mei shu chu ban she@4编
801  0 @aCN@b上海图书馆@c20040308
801  2 @aCN@bNLC@c20040308
905    @f1@b162413@dJ221.8@e101
    
    何香凝诗画集/何香凝绘/人民美术出版社编.-北京:人民美术出版社,1982
    1册;19cm
    
    
    ISBN (精装):CNY38
    
●
相关链接 在E读中查询图书 在五车中查询图书 在当当中查询图书 在豆瓣中查询图书


正题名:何香凝诗画集     索取号:J221.8/101         预约/预借

序号 登录号 条形码 馆藏地/架位号 状态 备注
1 0162413   001900009   第一借阅区/ [索取号:J221.8/101] 在馆    
2 0208373   202111721   第一样本阅览室/ [索取号:J221.8/101] 在馆    
唐山师范学院图书馆 欢迎您!
大连网信软件有限公司© 版权所有